Cisco Wireless Architecture - Statistics

General Stats
  • This quiz has been taken 2 times
  • The average score is 12 of 16
Answer Stats
Answer Hint % Correct
Access Port Port that can only be assigned to a single VLAN
100%
Bridge LWAP becomes a bridge between two networks; multiple APs in this mode can form a mesh network
100%
Flex + Bridge Allows APs in mesh mode to locally switch traffic if tunnel to WLC goes down
100%
Flexconnect LWAP will locally switch traffic if tunnel to WLC is down
100%
Light Weight Access Point LWAP
100%
Lightweight Access Point Protocol LWAPP
100%
Rouge Detector LWAP dedicates itself to detecting rouge devices
100%
SE Connect AP dedicates its radios to spectrum analysis on all of its channels
100%
Sniffer LWAP dedicates itself as a sniffer
100%
Trunk Port Port that can carry traffic of multiple VLANs
100%
Wireless LAN Controller WLC
100%
Link Aggregation Port LAG
50%
Monitor LWAP does not transmit, but instead checks for IDS events, rouge AP, and position of stations
50%
Control and Provisioning of Wireless Access Points CAPWAP
0%
Local LWAP and WLC act as if they're in the same location
0%
UDP 5246, 5247 CAPWAP Ports
0%
No matching quizzes found
Score Distribution
Percent of People with Each Score
Percentile by Number Answered
Your Score History
You have not taken this quiz